00467nam a22001577a 450000500170000001000130001702000260003003500130005603700140006908200110008310000270009424500510012126000450017227000600021730000320027720120725151056.0 aG-002059 a9780195673500c495.00 aG-002059 adplbGift a954.91 aCohen, Stephen Philip. aThe Idea Of Pakistan/cby Stephen Philip Cohen aNew DelhibOxford University Pressc2005 aYMCA Library Building,Jai Singh RoadbNew Delhie110001 a382 p.bnotes,index..c22cm